Visualizzazione normale
Vista MARC
- Capra Frank
di Personal Name
Records bibliografici associati: 10
001 - CONTROL NUMBER
- control field: 42646
003 - CONTROL NUMBER IDENTIFIER
- control field: IT-RoPau
005 - DATE AND TIME OF LATEST TRANSACTION
- control field: 20151127090703.0
008 - FIXED-LENGTH DATA ELEMENTS
- fixed length control field: 151127|| aca||aabn | a|a d
040 ## - CATALOGING SOURCE
- Original cataloging agency: IT-RoPau
- Transcribing agency: IT-RoPau
100 ## - HEADING--PERSONAL NAME
- Personal name: Capra Frank
- Miscellaneous information: Codice regista SPICS: 8472
670 ## - SOURCE DATA FOUND
- Source citation: Work cat.: (IT-RoPau)105658: Capra Frank Codice regista SPICS: 8472, SIGNORA PER UN GIORNO SIGNORA PER UN GIORNO (Rif. Codice opera principale : H6150)